|
|
|
|
| LEADER |
00000cam a2200000 c 4500 |
| 001 |
749061421 |
| 003 |
DE-627 |
| 005 |
20260414144359.0 |
| 007 |
cr uuu---uuuuu |
| 008 |
130610s1975 gw |||||o 00| ||ger c |
| 020 |
|
|
|a 9783662005859
|9 978-3-662-00585-9
|
| 024 |
7 |
|
|a 10.1007/978-3-662-00585-9
|2 doi
|
| 035 |
|
|
|a (DE-627)749061421
|
| 035 |
|
|
|a (DE-576)974906142X
|
| 035 |
|
|
|a (DE-599)GBV749061421
|
| 035 |
|
|
|a (DE-He213)978-3-662-00585-9
|
| 040 |
|
|
|a DE-627
|b ger
|c DE-627
|e rakwb
|
| 041 |
|
|
|a ger
|
| 044 |
|
|
|c XA-DE
|
| 050 |
|
0 |
|a R1
|
| 082 |
0 |
|
|a 610
|2 23
|
| 084 |
|
|
|a 32
|2 sdnb
|
| 084 |
|
|
|a 33
|2 sdnb
|
| 100 |
1 |
|
|a Forssmann, Wolf-Georg
|d 1939-
|0 (DE-588)130080144
|0 (DE-627)489622313
|0 (DE-576)297985906
|4 aut
|
| 245 |
1 |
0 |
|a Grundriß der Neuroanatomie
|c von Wolf Georg Forssmann, Christine Heym
|
| 250 |
|
|
|a Zweite, korrigierte Auflage
|
| 264 |
|
1 |
|a Berlin
|a Heidelberg
|b Springer
|c 1975
|
| 300 |
|
|
|a Online-Ressource
|b digital
|
| 336 |
|
|
|a Text
|b txt
|2 rdacontent
|
| 337 |
|
|
|a Computermedien
|b c
|2 rdamedia
|
| 338 |
|
|
|a Online-Ressource
|b cr
|2 rdacarrier
|
| 490 |
0 |
|
|a Heidelberger Taschenbücher, Basistext Medizin
|v 139
|
| 533 |
|
|
|a Reproduktion
|f Springer eBook Collection. Medicine
|
| 650 |
|
0 |
|a Medicine
|
| 689 |
0 |
0 |
|d s
|0 (DE-588)4171577-9
|0 (DE-627)104136855
|0 (DE-576)209937866
|a Neuroanatomie
|2 gnd
|
| 689 |
0 |
|
|5 (DE-627)
|
| 700 |
1 |
|
|a Heym, Christine
|d 1932-2011
|0 (DE-588)1024382192
|0 (DE-627)719800080
|0 (DE-576)161415199
|4 oth
|
| 776 |
1 |
|
|z 9783540072799
|
| 776 |
0 |
8 |
|i Erscheint auch als
|n Druck-Ausgabe
|a Forssmann, Wolf-Georg, 1939 -
|t Grundriß der Neuroanatomie
|b 2., korr. Aufl.
|d Berlin : Springer, 1975
|h X, 245 S.
|w (DE-627)115077960
|w (DE-576)011618035
|z 3540072799
|z 0387072799
|
| 856 |
4 |
0 |
|u http://dx.doi.org/10.1007/978-3-662-00585-9
|x Resolving-System
|z lizenzpflichtig
|3 Volltext
|7 1
|
| 912 |
|
|
|a ZDB-2-BAD
|
| 912 |
|
|
|a ZDB-2-SMD
|b 1975
|
| 951 |
|
|
|a BO
|
| 990 |
|
|
|a Neuroanatomie
|
| 992 |
|
|
|a 20260303
|
| 993 |
|
|
|a Book
|
| 994 |
|
|
|a 1975
|
| 998 |
|
|
|g 130080144
|a Forssmann, Wolf-Georg
|m 130080144:Forssmann, Wolf-Georg
|d 50000
|d 53100
|e 50000PF130080144
|e 53100PF130080144
|k 0/50000/
|k 1/50000/53100/
|p 1
|x j
|
| 999 |
|
|
|a KXP-PPN749061421
|e 4927468704
|
| BIB |
|
|
|a Y
|
| JSO |
|
|
|a {"person":[{"family":"Forssmann","display":"Forssmann, Wolf-Georg","given":"Wolf-Georg","role":"aut"},{"given":"Christine","display":"Heym, Christine","role":"oth","family":"Heym"}],"title":[{"title":"Grundriß der Neuroanatomie","title_sort":"Grundriß der Neuroanatomie"}],"recId":"749061421","name":{"displayForm":["von Wolf Georg Forssmann, Christine Heym"]},"origin":[{"edition":"Zweite, korrigierte Auflage","dateIssuedKey":"1975","dateIssuedDisp":"1975","publisherPlace":"Berlin ; Heidelberg","publisher":"Springer","editionNo":2}],"type":{"media":"Online-Ressource","bibl":"book"},"physDesc":[{"extent":"Online-Ressource","noteIll":"digital"}],"id":{"eki":["749061421"],"doi":["10.1007/978-3-662-00585-9"],"isbn":["9783662005859"]},"language":["ger"]}
|
| SRT |
|
|
|a FORSSMANNWGRUNDRISSD1975
|